000
00205 a2200085 4500
020
_a
9788119314706
100
_a
Rohan Shivkumar
245
_a
Charles Correa - Kala Academy Goa
260
_b
Arthshila Trust
_c
2024
999
_c
13415
_d
13415